Strafprozeb
Պահպանված է:
| Հիմնական հեղինակ: | |
|---|---|
| Ձևաչափ: | Գիրք |
| Լեզու: | գերմաներեն |
| Հրապարակվել է: |
Múnich
C. H. Beck'sche
1977
|
| Հրատարակություն: | 3a. ed |
| Շարք: | Handbuch der Rechtspraxis, 8
|
| Խորագրեր: | |
| Ցուցիչներ: |
Ավելացրեք ցուցիչ
Չկան պիտակներ, Եղեք առաջինը, ով նշում է այս գրառումը!
|
MARC
| LEADER | 00000nam a2200000 a 4500 | ||
|---|---|---|---|
| 001 | UCR5173 | ||
| 003 | CL-VaPUC | ||
| 008 | 980320e19770000GW |||||||||||||||||ger|d | ||
| 082 | 0 | 4 | |a 345.05 |b MAR |2 21 |
| 100 | |a Marquardt, Klaus |e autor |9 405980 | ||
| 245 | 1 | 0 | |a Strafprozeb |
| 250 | |a 3a. ed | ||
| 300 | |a 280 p | ||
| 942 | |c BK | ||
| 945 | |d 19980320 00:00:00 |a cmena | ||
| 260 | |a Múnich |b C. H. Beck'sche |c 1977 | ||
| 650 | 0 | |a Derecho procesal penal |9 255496 | |
| 650 | 7 | |a DERECHO PENAL |2 CL-VaPUC |9 11 | |
| 650 | 0 | |a Derecho procesal penal |9 256392 | |
| 650 | 0 | |a Delitos |9 224143 | |
| 650 | 0 | |a Acción penal |9 254970 | |
| 650 | 0 | |a Proceso penal |9 381370 | |
| 650 | 0 | |a Responsabilidad penal |9 254899 | |
| 583 | |a last modification |c 19980320 00:00:00 |k Rodrigo Vera | ||
| 490 | 0 | |a Handbuch der Rechtspraxis, 8 | |
| 999 | |c 267897 |d 267895 | ||
| 952 | |0 0 |1 0 |4 0 |6 345_050000000000000_MAR_1977 |7 0 |8 A |9 300702 |a BIBDER |b BIBDER |d 2019-11-20 |i 1965093 |o 345.05 MAR 1977 |p 1965093 |r 2023-01-25 |w 2019-11-20 |y BK |k DER | ||